| 000 | 01037nam a2200253 a 4500 | ||
|---|---|---|---|
| 001 | 81024 | ||
| 003 | BD-RjUL | ||
| 005 | 20221228114407.0 | ||
| 008 | 221228s2022 bg ||||| |||| 00| 0 ben d | ||
| 020 | _a9789840428731 | ||
| 035 | _a(BD-RjUL)81024 | ||
| 040 |
_aBD-RjUL _beng _cBD-RjUL |
||
| 041 | _aben | ||
| 082 |
_223 _a954.9205092 _bMOB 2022 |
||
| 100 |
_aমণ্ডল, অনুপম হীরা _96453 |
||
| 245 |
_aবঙ্গবন্ধু ও রবীন্দ্রনাথ / _cঅনুপম হীরা মণ্ডল |
||
| 260 |
_aঢাকা : _bআগামী প্রকাশনী, _c২০২২ |
||
| 300 |
_a১৩৫ পৃ.: _bচিত্রসমূহ; _c২২ সেমি. |
||
| 600 |
_a মুজিবুর রহমান , শেখ, _d১৯২০-১৯৭৫ _96455 |
||
| 600 |
_aMujibur Rahman, Sheikh, _d1920-1975 |
||
| 600 |
_aঠাকুর, রবীন্দ্রনাথ, _d১৮৬১-১৯৪১ |
||
| 600 |
_aTagore, Robindronath, _d1861-1941 |
||
| 942 |
_2ddc _cBK |
||
| 999 |
_c81024 _d81024 |
||